| 000 | 00972nam a2200229 u 4500 | ||
|---|---|---|---|
| 001 | 000485622 | ||
| 003 | AM-YeHGA | ||
| 005 | 20250618072617.0 | ||
| 008 | 060425s1898 ||| r 000 0 ger d | ||
| 040 | _aAM-YeHGA | ||
| 041 | 0 | _ager | |
| 100 | 1 |
_aԳյոթե, Յոհան Վոլֆգանգ, _d1749-1832 |
|
| 245 | 1 | 0 |
_aGermann und Dorothea = _bГерман и Доротея / _cGoethe; Текст с введ., примеч. и словарем объяснил М. Фишер. |
| 246 | 3 | 1 | _aГерман и Доротея |
| 250 | _a3-е изд. | ||
| 260 |
_aС.-Петербург : _bИзд. С.А. Манштейна, _c1898. |
||
| 300 | _a44 с. | ||
| 440 | 0 | _aИзбранныя произведенiя немецких и французских писателей для класснаго и домашняго чтенiя | |
| 546 | _aТекст на нем. яз. | ||
| 650 | 1 | 4 |
_aԳերմանական գրականություն _95149 |
| 090 | _c180056 | ||
| 999 |
_c178609 _d178609 |
||